10 Words 20 Definitions V Quiz Stats

 Plays Quiz Updated Feb 21, 2017

Challenge
Share
Tweet
Embed
Score 0/20 Timer 02:00
3 Plays Today
% Correct
Crisp
92.9%
Bug
92.7%
Walk
92.5%
Lift
92.1%
Flat
91.8%
Ball
91.8%
Hit
91.7%
Boot
91.3%
Jam
90.6%
Park
90.2%
% Correct
Bug
89.9%
Hit
88.7%
Park
83.7%
Ball
83.6%
Flat
82.3%
Jam
82.3%
Crisp
79.4%
Boot
79.4%
Walk
75%
Lift
58.8%

You're not logged in!

Compare scores with friends on all Sporcle quizzes.
OR
Log In

You Might Also Like...

Show Comments

Extras

Top Quizzes Today


Score Distribution

Your Account Isn't Verified!

In order to create a playlist on Sporcle, you need to verify the email address you used during registration. Go to your Sporcle Settings to finish the process.

Report this User

Report this user for behavior that violates our Community Guidelines.

Details: